01490nam a2200169Ia 4500008004100000020001500041050002500056245013000081260004500211300001800256504005500274505080500329650003201134650006301166700004301229700004801272120626s2003 mx 000 0 spa d a9706402349 4aRA643 M49b S53 200313aEl sida en Méxicob: veinte años de epidemia c/ Donato Alarcón Segovia; Samuel Ponce de León Rosales (Compiladores)3 aMéxico : bEl Colegio Nacionalc, 2003 a356 páginas aIncluye bibliografía al final de cada capítulo0 aDonato Alarcón Segovia. Primeras descripciones e investigaciones sobre el SIDA en México Roberto Tapia: Evolución de la epidemia del SIDA en México Patricia Volkow: la transmición del VIH/SID por sangre: la otra epidemia Samuel Ponce de León: prevención de la infección por el virus de la inmunodeficiencia humana Luis Enrique Soto Ramírez: Genética del VIH en México Guillermo Ruiz-Palacios: tratamiento de la infección por el virus de inmunodeficiencia humana Mario Bronfman: El SIDA en las fronteras Patricia Uribe: Respuesta institucional al VIH/SIDA: 20 años de historia Alejandro Brito: respuesta de la comunidad a las recomendaciones para la prevención del SIDA José Antonio Izazola: Financiamiento y gasto en respuesta al VIH/SIDA en América Latina y el Caribe14aSIDA (ENFERMEDAD)zMÉXICO24aENFERMEDADES VENEREASxVIH/SIDAxSALUD PÚBLICAzMÉXICO1 aAlarcón Segovia, Donato ecompilador1 aPonce de León Rosales, Samuelecompilador